000 00230nam a2200097Ia 4500
001 899329
005 20250826184446.0
008 250824s9999 xx 000 0 und d
245 0 _aBİTANEM
_cCANDAN ÖZER
260 _bPANAMA YAYINLARI
999 _c899329
_d899329